Treatment of the severely disturbed adolescent /

Bibliographic Details
Main Author: Rinsley, Donald B.
Format: Book
Language:English
Published: New York : J. Aronson, [1980]
Subjects:

MARC

Tag First Indicator Second Indicator Subfields
LEADER 00000cam a2200000 a 4500
001 in00000071381
005 20151008062207.0
008 810326s1980 nyu b 00110 eng d
010 |a  80066922  
020 |a 0876684150 
035 |a (OCoLC)07265410 
035 |9 AAJ9713AM 
040 |a RRR  |c RRR  |d TXA  |d UtOrBLW 
049 |a TXAM  |c [1803833] 
090 |a RJ503  |b .R5 
100 1 |a Rinsley, Donald B. 
245 1 0 |a Treatment of the severely disturbed adolescent /  |c by Donald B. Rinsley. 
264 1 |a New York :  |b J. Aronson,  |c [1980] 
264 4 |c ©1980 
300 |a xi, 351 pages ;  |c 24 cm. 
336 |a text  |b txt  |2 rdacontent 
337 |a unmediated  |b n  |2 rdamedia 
338 |a volume  |b nc  |2 rdacarrier 
500 |a Includes index. 
504 |a Bibliography: pages [319]-339. 
650 0 |a Adolescent psychiatry. 
999 |a MARS 
999 f f |s 7ad5fafb-e746-3ff1-b1c0-7c40700b94bd  |i fdbf6764-e2cd-33a5-84d9-964bffd9f72b  |t 0 
952 f f |p ric  |a Texas A&M University  |b Rellis Campus  |c Joint Library Facility  |d Remote Storage  |t 0  |e RJ503 .R5  |h Library of Congress classification  |i unmediated -- volume  |m A14806232416 
998 f f |a RJ503 .R5  |t 0  |l Remote Storage